Statistics for Atletico Madrid - Juventus Champions League 2019-20

Click here to take the quiz!

General Stats

  • This quiz has been taken 115 times
  • The average score is 19 of 30

Answer Stats

Player% Correct
Jan Oblak
93%
Cristiano Ronaldo
91%
Leonardo Bonucci
91%
Koke
86%
José Giménez
81%
Alex Sandro
80%
Paulo Dybala
77%
Diego Costa
76%
Juan Cuadrado ¹
75%
Saúl Ñíguez
75%
Wojciech Szczęsny
72%
Diego Simeone
70%
Gonzalo Higuaín
69%
Blaise Matuidi ¹
67%
Danilo
65%
Matthijs de Ligt
62%
Miralem Pjanić
61%
Renan Lodi
61%
Stefan Savić ¹
60%
João Félix
59%
Maurizio Sarri
56%
Ángel Correa
52%
Kieran Trippier
51%
Thomas Partey
47%
Sami Khedira
46%
Thomas Lemar
45%
Rodrigo Bentancur
42%
Aaron Ramsey
31%
Héctor Herrera ¹
15%
Vitolo
14%

Score Distribution

Percentile by Number Answered

Percent of People with Each Score

Your Score History

You have not taken this quiz